Borderlands 2 Unique Items - Pistols - Statistics

General Stats
  • This quiz has been taken 258 times
  • The average score is 8 of 29
Answer Stats
Red Text Item % Correct
Fear the swarm! Hornet
90%
Did I fire six shots, or only five? Three? Seven. Whatever. Unkempt Harold
76%
Love is a Lady Finger. True love is a Lady Fist. Lady Fist
63%
Monty's wife don't take no guff. Maggie
49%
Good for starting fires. Tinderbox
43%
It's closer than you think! (no it isn't) Infinity
39%
Would I lie to you? Fibber
37%
Hand over the keys, sugar... Grog Nozzle
37%
Havin' a tea partay, drinkin' mah teeea! Teapot
36%
Abt Natural Gub
35%
De Da Law
32%
Thinking outside the box. Gwen's Head
30%
Give it a burl. Gunerang
28%
I can have such a thing? Thunderball Fists
27%
Thief. Greed
26%
Gun, Gunner! Logan's Gun
22%
Whenever I'm caught between two evils, I take the one I've never tried. Rubi
21%
Shock and awwwww! So cute! Little Evie
15%
It's a helluva thing... Unforgiven
13%
Basically, it's a big gun. Rex
10%
Dodge this. Dahlminator
8%
I am free now. Judge
8%
Itchy. Tasty. Infection
7%
Hail. Devastator
6%
You never know until you go. Wanderlust
6%
You can run, but you can't hide. Stalker
5%
Did you ever have the feeling... Pocket Rocket
4%
Shoulda stopped at one. Veritas
4%
It's like butter, baby. Stinger
3%
No matching quizzes found
Score Distribution
Percent of People with Each Score
Percentile by Number Answered
Your Score History
You have not taken this quiz